000 00520nam a2200181Ia 4500
001 8359
005 20260306160603.0
008 260306t2004||||xx |||||||||||||| ||spa||
041 _aESP
082 _a370.7
_bC85
100 _aCotrina Parra, Pascual
_eAUT
245 0 _aEstrategias para la calidad educativa:
_bperfiles PEI. Plan de trabajo. Unidades didácticas. Plan de sesión de aprendizaje
260 _c2004
300 _a155 páginas :
_c20 cm.
650 _aGEN
654 _aCED
942 _cLIB
_dJUS
_fJUS
_2ddc
_n
999 _c8359
_d8359